Oil Production as a Pricing Factor in the Oil Market

Zaoberanie sa problémami tvorby cien na svetovom trhu s ropou, ktoré závisia od dodávok ropy na stav ropného priemyslu. Pokus o zistenie miery závislosti výroby ropy od faktorov, ako je miera odpisovania stálych aktív priemyslu, počet zadaných ropných vrtov, priemerná denná miera výroby jednej studn...

Celý popis

Uložené v:
Podrobná bibliografia
Hlavný autor: Stepanova, Diana
Ďalší autori: Ivolgina, Natalia, Lipková, Ľudmila
Médium: Kapitola
Jazyk:English
Predmet:
Tagy: Pridať tag
Žiadne tagy, Buďte prvý, kto otaguje tento záznam!

MARC

LEADER 00000naa$a2200000$$$4500
001 0259999
005 20240502083741.9
041 0 |a eng 
044 |a ES 
245 1 0 |a Oil Production as a Pricing Factor in the Oil Market  |c Diana Stepanova 
520 |a Zaoberanie sa problémami tvorby cien na svetovom trhu s ropou, ktoré závisia od dodávok ropy na stav ropného priemyslu. Pokus o zistenie miery závislosti výroby ropy od faktorov, ako je miera odpisovania stálych aktív priemyslu, počet zadaných ropných vrtov, priemerná denná miera výroby jednej studne, objem ťažby ropy, koeficient obnovy fixných aktív, úroveň ziskovosti podnikov, obchodná činnosť v priemysle. 
610 2 0 |a trh 
610 2 0 |a ceny 
610 2 0 |a produkcia 
610 2 0 |a priemysel 
100 1 |a Stepanova, Diana 
700 1 |a Ivolgina, Natalia 
700 1 |a Lipková, Ľudmila